Catalog

Record Details

Catalog Search



The Holy Spirit of God  Cover Image Book Book

The Holy Spirit of God / by W. H. Griffith Thomas

Record details

  • ISBN: 0-8028-1200-7
  • Physical Description: 303 p.
  • Publisher: Grand Rapids, Michigan William B. Eerdmans 1972

Available copies

  • 1 of 1 copy available at Common Catalog SPOK.

Holds

  • 0 current holds with 1 total copy.
Show All Copies
Location Call Number / Copy Notes Barcode Shelving Location Status Due Date
ETS Library 231.3 424470001786 Volný výběr Available -

LDR 00625nam a2 00229
00138661
003CZ-PrJAB
00520030324000000.0
008030324s1972 xxu e |||| |eng
009us
020 . ‡a0-8028-1200-7
035 . ‡a(CONS)3745
035 . ‡aKPS1376
041 . ‡aeng
08214. ‡a231.3
100 . ‡71600 ‡aThomas, W. H. Griffith
245 . ‡aThe Holy Spirit of God / ‡cby W. H. Griffith Thomas
260 . ‡aGrand Rapids, Michigan ‡bWilliam B. Eerdmans ‡c1972
300 . ‡a303 p.
653 . ‡aThe Holy Spirit of God
8524 . ‡bETS ‡bETS ‡cVolný výběr ‡j231.3 ‡gA ‡p424470001786
910 . ‡aABG450
999 . ‡a3745 ‡bAUTOGEN ‡c3745 ‡tbiblio
905 . ‡uadmin
901 . ‡a38661 ‡b ‡c38661 ‡tbiblio ‡sets

Additional Resources